01007nam a22002297a 4500999001500000003000900015008004100024020001800065040007100083082001700154110008000171245006600251260002800317300002800345505022300373650001600596650002300612650001900635942001600654945000800670952009900678 c7887d7887AR-CdUCM190321b ||||| |||| 00| 0 spa d a84-505-7233-9 aMUNICIPALIDAD PROVINCIAL DEL CUSCOcBIBLIOTECA MUNICIPAL DEL CUSCO a082 /bTAL23 aEl centro de estudios municipales y de cooperación interprovincial922300 aCalidad y tratamiento de las aguas de abastecimiento urbano / aGranada :bArte,c1988. a226 páginas ;c21 cm. aContenido : Técnicas de tratamiento. Arturo Gomez Martinez -- Plantas depuradoras de aguas potables. Fernando Reyero Suarez -- Medidas control de regulación y automatismo en las plantas de tratamiento de aguas ...  aAgua919441 aTratamiento920821 aCalidad922301 2ddccLIBROS arah 002ddc4070aSHbSHcCARTd2019-03-21g15.00o082.5 / TAL23pSH0000008554r2019-03-21yLIBROS